Rural elites and agricultural modernisation (Record no. 19594)

MARC details
000 -LEADER
fixed length control field 00446nam a2200157Ia 4500
082 ## - DEWEY DECIMAL CLASSIFICATION NUMBER
Classification number TS.0150
100 ## - MAIN ENTRY--AUTHOR NAME
Personal name Sharma, K.C.
245 #0 - TITLE STATEMENT
Title Rural elites and agricultural modernisation
260 ## - PUBLICATION, DISTRIBUTION, ETC. (IMPRINT)
Year of publication 1982
Name of publisher South Gujarat University
300 ## - PHYSICAL DESCRIPTION
Number of Pages 444p. + C D - 51
650 ## - SUBJECT ADDED ENTRY--TOPICAL TERM
Topical Term LEADERSHIP, RURAL - GUJARAT - SURAT
650 ## - SUBJECT ADDED ENTRY--TOPICAL TERM
Topical Term AGRICULTURE - GUJARAT - SURAT
650 ## - SUBJECT ADDED ENTRY--TOPICAL TERM
Topical Term ELITES, RURAL - GUJARAT - SURAT
710 ## - ADDED ENTRY--CORPORATE NAME
Corporate name or jurisdiction name as entry element Singh, Y.P.
942 ## - ADDED ENTRY ELEMENTS (KOHA)
Koha item type Thesis
Source of classification or shelving scheme Dewey Decimal Classification
Holdings
Withdrawn status Lost status Damaged status Not for loan Home library Current library Date acquired Bill Date Full call number Accession Number Price effective from Koha item type
        NASSDOC Library NASSDOC Library 08/10/2004 2004-10-22 TS.0150 16181 18/04/2019 Thesis